[Event "only players under 2000"]
[Site "SchemingMind.com"]
[Date "2017.11.23"]
[Round "-"]
[White "Black Knight"]
[Black "kenneth m day"]
[Result "0-1"]
[WhiteCountry "USA"]
[BlackCountry "USA"]
[WhiteElo "1351"]
[WhiteRD "51"]
[BlackElo "1726"]
[BlackRD "63"]
[GameID "421126"]

1. Nf3 Nf6 2. g3 d5 3. d3 c6 4. Bg2 Bg4 5. Nc3 Nbd7 6. e4 e5 7. Bg5 Be7 8. O-O O-O 9. Qd2 h6 10. Bxh6 Bxf3
11. Bxg7 Bxg2 12. Bxf8 Bxf1 13. Bxe7 Qxe7 14. Kxf1 Qf8 15. Ne2 Qg7 16. Ng1 Ng4 17. h3 Ngf6 18. Nf3 Kh7 19. Ng5+ Kh8 20. h4 Rg8
21. b4 Qg6 22. Qe3 Ng4 23. Qf3 Nh2+ 24. Kg2 Nxf3 25. Kxf3 f6 26. Ne6 Qg4+
0-1

[Event "only players under 2000"]
[Site "SchemingMind.com"]
[Date "2017.11.23"]
[Round "-"]
[White "kenneth m day"]
[Black "Black Knight"]
[Result "1-0"]
[WhiteCountry "USA"]
[BlackCountry "USA"]
[WhiteElo "1726"]
[WhiteRD "63"]
[BlackElo "1351"]
[BlackRD "51"]
[GameID "421127"]

1. e4 Nc6 2. d4 e6 3. Nf3 d5 4. Nc3 Bb4 5. exd5 exd5 6. Bd2 Qe7+ 7. Be2 Bg4 8. O-O Nf6 9. Re1 O-O 10. h3 Bxf3
11. Bxf3 Qd6 12. Nb5 Qd7 13. c3 a6 14. Nxc7 Qxc7 15. cxb4 b5 16. Rc1 Qd6 17. Be3 Nxb4 18. a3 Na2 19. Rc5 b4 20. Qb3 bxa3
21. bxa3 Rac8 22. Qxa2 Rxc5 23. dxc5 Qc6 24. Rc1 Ne4 25. Bd4 Rd8 26. Qb2 f6 27. Qb6 Qa8 28. Qe6+ Kh8 29. c6 Rd6 30. Qe7 Rxc6
31. Rxc6 h6 32. Rc7 Kh7 33. Qxg7#
1-0

[Event "only players under 2000"]
[Site "SchemingMind.com"]
[Date "2017.12.11"]
[Round "-"]
[White "Black Knight"]
[Black "ampp"]
[Result "1-0"]
[WhiteCountry "USA"]
[BlackCountry "POR"]
[WhiteElo "1351"]
[WhiteRD "51"]
[BlackElo "1326"]
[BlackRD "62"]
[GameID "421822"]

1. Nf3 d5 2. g3 Nc6 3. Bg2 Nf6 4. d4 Bd7 5. O-O e6 6. Nc3 Bb4 7. Bd2 O-O 8. a3 Ba5 9. b4 Bb6 10. e3 a5
11. b5 Ne7 12. a4 c6 13. Ne5 Bc7 14. Nxd7 Qxd7 15. e4 dxe4 16. Nxe4 Nxe4 17. Bxe4 b6 18. Bg2 Rad8 19. c3 cxb5 20. Be3 Nd5
21. Qd3 bxa4 22. Bxd5 Qxd5 23. Rxa4 e5 24. Rc4 exd4 25. cxd4 Rd7 26. Rfc1 Rc8 27. Bf4 Qb7 28. Qf5 Rdd8 29. Rxc7
1-0

[Event "only players under 2000"]
[Site "SchemingMind.com"]
[Date "2017.12.11"]
[Round "-"]
[White "ampp"]
[Black "Black Knight"]
[Result "0-1"]
[WhiteCountry "POR"]
[BlackCountry "USA"]
[WhiteElo "1326"]
[WhiteRD "62"]
[BlackElo "1351"]
[BlackRD "51"]
[GameID "421823"]

1. e4 c5 2. Nf3 e6 3. d4 cxd4 4. Nxd4 e5 5. Nb3 Nf6 6. Bd3 Ke7 7. O-O g6 8. Nc3 Bg7 9. Bg5 Re8 10. Bxf6+ Bxf6
11. Nd5+ Kf8 12. Qf3 d6 13. Nxf6 Re7 14. Nxh7+ Kg7 15. Ng5 Re8 16. Qxf7+ Kh6 17. Qh7+ Kxg5 18. g3 Rh8 19. Qf7 Qd7 20. f4+ Kh6
21. Qf6 Nc6 22. Qh4+ Kg7 23. Qxh8+ Kxh8 24. fxe5 Kg7 25. Nd2 Nxe5 26. Nf3 Nxd3 27. cxd3 Qg4 28. Nd2 b5 29. Rac1 Kh6 30. Rc6 Qe6
31. b3 Bd7 32. Rcc1 Rc8 33. Ra1 Qe5 34. Nf3 Qc3 35. a4 Bg4 36. Ne1 Qd4+ 37. Kg2 Qb2+ 38. Rf2 Qxa1 39. Nc2 Rxc2 40. Rxc2 Qd1
41. Rf2 Qxd3 42. h3 Qxe4+ 43. Kh2 Bf3 44. axb5 Be2 45. b6 axb6
0-1

[Event "only players under 2000"]
[Site "SchemingMind.com"]
[Date "2017.12.11"]
[Round "-"]
[White "ampp"]
[Black "kenneth m day"]
[Result "0-1"]
[WhiteCountry "POR"]
[BlackCountry "USA"]
[WhiteElo "1326"]
[WhiteRD "62"]
[BlackElo "1726"]
[BlackRD "63"]
[GameID "421824"]

1. e4 e5 2. Nf3 Nc6 3. Nc3 Nf6 4. d4 d6 5. Bc4 Bg4 6. h3 Bh5 7. O-O Be7 8. d5 Nd4 9. g4 Bg6 10. Nxd4 Qd7
11. Qf3 exd4 12. Ne2 O-O-O 13. Nf4 Bxe4 14. Qd1 h5 15. g5 Nh7 16. Nxh5 Qxh3 17. Ng3 Qg2#
0-1

[Event "only players under 2000"]
[Site "SchemingMind.com"]
[Date "2017.12.12"]
[Round "-"]
[White "kenneth m day"]
[Black "ampp"]
[Result "1-0"]
[WhiteCountry "USA"]
[BlackCountry "POR"]
[WhiteElo "1731"]
[WhiteRD "61"]
[BlackElo "1290"]
[BlackRD "63"]
[GameID "421825"]

1. e4 e5 2. Nf3 Nc6 3. c3 Nf6 4. d4 exd4 5. e5 Nxe5 6. Nxe5 dxc3 7. Nxc3 d6 8. Nf3 Qe7+ 9. Be3 Ne4 10. Qa4+ Bd7
11. Qxe4 Qxe4 12. Nxe4 Be7 13. Bc4 O-O 14. O-O Bf5 15. Ng3 Be4 16. Nxe4 Rad8 17. Rac1 d5 18. Bxd5 c6 19. Bb3 h6 20. Rfd1 Rb8
21. Rd7 Bd8 22. Nc5 b6 23. Nb7 Bf6 24. Rc2 c5 25. h3 Rfe8 26. Bxf7+
1-0

[Event "only players under 2000"]
[Site "SchemingMind.com"]
[Date "2017.12.18"]
[Round "-"]
[White "Black Knight"]
[Black "Wojtek26"]
[Result "0-1"]
[WhiteCountry "USA"]
[BlackCountry "POL"]
[WhiteElo "1304"]
[WhiteRD "47"]
[BlackElo "1457"]
[BlackRD "52"]
[GameID "422029"]

1. Nf3 d5 2. d3 Nc6 3. g3 e5 4. Bg2 Bd7 5. O-O Nf6 6. Nc3 d4 7. Ne4 Nxe4 8. Nd2 Nxd2 9. Bxd2 Bb4 10. a3 Be7
11. b4 b5 12. e4 O-O 13. c3 Bg5 14. h4 Bxd2 15. Qxd2 Qc8 16. cxd4 exd4 17. e5 Rb8 18. Rac1 Nxe5 19. f3 Bh3 20. Bxh3 Qxh3
21. Qh2 Qxh2+ 22. Kxh2 Nxd3 23. Rcd1 Nb2 24. Rxd4 Nc4 25. Ra1 Rfe8 26. a4 a6 27. Rd7 Re2+ 28. Kh3 bxa4 29. Rxc7 Nb6 30. Ra3 Nd5
31. Rd7 Nxb4 32. Rxa4 Nc6 33. Rxa6 Ne5 34. Re7 Nxf3 35. Rxe2 Ng1+ 36. Kg2 Nxe2 37. Ra2 Nd4 38. Ra4 Ne6 39. Ra6 g6
0-1

[Event "only players under 2000"]
[Site "SchemingMind.com"]
[Date "2017.12.18"]
[Round "-"]
[White "Wojtek26"]
[Black "Black Knight"]
[Result "1-0"]
[WhiteCountry "POL"]
[BlackCountry "USA"]
[WhiteElo "1457"]
[WhiteRD "52"]
[BlackElo "1304"]
[BlackRD "47"]
[GameID "422030"]

1. d4 Nf6 2. Nc3 g6 3. Nf3 d6 4. e3 Bg7 5. Bc4 O-O 6. O-O Nc6 7. Bd2 Re8 8. Nd5 Be6 9. Nxf6+ Bxf6 10. Bxe6 fxe6
11. a3 e5 12. dxe5 Nxe5 13. Nxe5 Bxe5 14. Qf3 Rf8 15. Qd5+ Rf7 16. f4 c6 17. Qb3 Rb8 18. Bc3 Bxc3 19. Qxc3 b5 20. Rfd1 d5
21. Qxc6 Rf6 22. Qxd5+ Qxd5 23. Rxd5 Rd6 24. Rad1 Rbd8 25. Rxd6 Rxd6 26. Rxd6 exd6 27. Kf2 Kf7 28. Kf3 a5 29. Ke4 Ke6 30. g4 d5+
31. Kd4 Kd6 32. h4 h6 33. b3 Kc6 34. Ke5
1-0

[Event "only players under 2000"]
[Site "SchemingMind.com"]
[Date "2017.12.17"]
[Round "-"]
[White "ampp"]
[Black "Wojtek26"]
[Result "0-1"]
[WhiteCountry "POR"]
[BlackCountry "POL"]
[WhiteElo "1290"]
[WhiteRD "63"]
[BlackElo "1457"]
[BlackRD "52"]
[GameID "422031"]

1. e4 e5 2. Nf3 Nc6 3. Nc3 Nf6 4. Bc4 g6 5. O-O Bg7 6. Ng5 O-O 7. h3 d6 8. Nd5 Nxd5 9. Bxd5 Ne7 10. Bb3 a5
11. a4 Nc6 12. d3 Nd4 13. Ba2 Bd7 14. c3 Ne6 15. Nxe6 Bxe6 16. Bxe6 fxe6 17. d4 exd4 18. cxd4 Qf6 19. Be3 e5 20. dxe5 Qxe5
21. Rb1 Rad8 22. f4 Qxe4 23. Re1 Rde8 24. Qd2 Qc4 25. b3 Qc3 26. Qe2 Rxf4 27. Rbc1 Qxb3 28. Qd2 Rfe4 29. Kh1 Rxe3 30. Rxe3 Qxe3
31. Qxe3 Rxe3 32. Rxc7 Be5 33. Kg1 b6
0-1

[Event "only players under 2000"]
[Site "SchemingMind.com"]
[Date "2017.12.17"]
[Round "-"]
[White "Wojtek26"]
[Black "ampp"]
[Result "1/2-1/2"]
[WhiteCountry "POL"]
[BlackCountry "POR"]
[WhiteElo "1457"]
[WhiteRD "52"]
[BlackElo "1290"]
[BlackRD "63"]
[GameID "422032"]

1. d4 d5 2. c4 e6 3. e3 Nc6 4. Nf3 Nf6 5. Be2 Ne4 6. Nbd2 Bb4 7. a3 Bxd2+ 8. Nxd2 O-O 9. c5 Nxd2 10. Bxd2 Bd7
11. b4 Qf6 12. O-O b5 13. Qc2 e5 14. Bd3 g6 15. f4 exf4 16. Rxf4 Qg5 17. e4 Nxd4 18. Qb1 Qe7 19. Bc3 Ne6 20. Rf1 c6
21. Qc1 d4 22. Bb2 a5 23. Be2 axb4 24. axb4 Rad8 25. Rd1 Rfe8 26. Bxd4 Nxd4 27. Rxd4 Be6 28. Qd1 Rxd4 29. Qxd4 f5 30. exf5 Bxf5
31. Bf3 Rd8 32. Qc3 Be4= 33. Bxe4 Qxe4 34. Qe1 Re8 35. Qb1 Qe3+ 36. Kh1 Qf2 37. h3 Re2 38. Qf1 Qxf1+ 39. Rxf1 Kg7 40. Rd1 Rb2
41. Rd4 Kf6 42. Kh2=
1/2-1/2

[Event "only players under 2000"]
[Site "SchemingMind.com"]
[Date "2017.12.18"]
[Round "-"]
[White "kenneth m day"]
[Black "Wojtek26"]
[Result "1-0"]
[WhiteCountry "USA"]
[BlackCountry "POL"]
[WhiteElo "1716"]
[WhiteRD "59"]
[BlackElo "1425"]
[BlackRD "58"]
[GameID "422033"]

1. e4 e5 2. Nf3 Nc6 3. d4 exd4 4. c3 d6 5. Bb5 Ne7 6. Bg5 h6 7. Bh4 Bd7 8. cxd4 g5 9. Bg3 Bg7 10. h3 a6
11. Bc4 O-O 12. Nc3 Na5 13. Bd3 Nec6 14. Be2 f5 15. O-O f4 16. Bh2 b5 17. Rc1 Nb7 18. Nd5 Ne7 19. Nxc7 Rc8 20. Nxa6 d5
21. e5 Nc6 22. Qb3 Nca5 23. Qxd5+ Kh8 24. Bxb5 Bxb5 25. Qxb5 Rxc1 26. Rxc1 Rf7 27. Nc5 Nxc5 28. Rxc5 Rc7 29. Qxa5
1-0

[Event "only players under 2000"]
[Site "SchemingMind.com"]
[Date "2017.12.19"]
[Round "-"]
[White "Wojtek26"]
[Black "kenneth m day"]
[Result "0-1"]
[WhiteCountry "POL"]
[BlackCountry "USA"]
[WhiteElo "1425"]
[WhiteRD "58"]
[BlackElo "1716"]
[BlackRD "59"]
[GameID "422034"]

1. d4 Nf6 2. e3 d6 3. Nf3 g6 4. c4 Bg7 5. Be2 O-O 6. h3 Nbd7 7. O-O b6 8. Nbd2 Bb7 9. Rb1 c5 10. d5 e6
11. e4 exd5 12. exd5 Re8 13. Bd3 Ne5 14. Nxe5 Rxe5 15. Nf3 Re8 16. Bf4 Nh5 17. Be3 h6 18. Qd2 Kh7 19. Qe2 Qf6 20. Qc2 Bc8
21. g4 Nf4 22. Bxf4 Qxf4 23. Nd2 Be5 24. Rfc1 Qh2+ 25. Kf1 Qxh3+ 26. Ke1 Bg3+ 27. Kd1 Bxg4+ 28. Be2 Bxe2+
0-1

[Event "only players under 2000"]
[Site "SchemingMind.com"]
[Date "2017.12.18"]
[Round "-"]
[White "Black Knight"]
[Black "pmdpsp"]
[Result "0-1"]
[WhiteCountry "USA"]
[BlackCountry "GER"]
[WhiteElo "1304"]
[WhiteRD "47"]
[BlackElo "1837"]
[BlackRD "82"]
[GameID "422082"]

1. Nf3 d5 2. d4 Nf6 3. Bg5 Ne4 4. Bf4 c5 5. Nbd2 Bf5 6. Nxe4 Bxe4 7. dxc5 Qa5+ 8. Bd2 Qxc5 9. Rc1 Qd6 10. g3 Nc6
11. Bg2 Nd4 12. O-O Nxf3+ 13. Bxf3 Bxf3 14. exf3 e5 15. Qe1 f6 16. f4 e4 17. Rd1 f5 18. Be3 Be7 19. Rd2 Rd8 20. Qe2 O-O
21. a3 Bf6 22. b4 d4 23. Bxd4 Bxd4 24. Rfd1 Qb6 25. c3 Bxc3 26. Rxd8 Rxd8 27. Qc4+ Kf8 28. Rxd8+ Qxd8 29. Qxc3 Qd7 30. Qc5+ Kf7
31. Qc4+ Kg6 32. Qf1 b5 33. Qh3 h6 34. Qf1 a6 35. h4 Qd4 36. h5+ Kxh5 37. Qh3+ Kg6 38. g4 Qd1+ 39. Qf1 Qxf1+ 40. Kxf1 fxg4
41. Ke2 Kf5 42. Ke3 h5
0-1

[Event "only players under 2000"]
[Site "SchemingMind.com"]
[Date "2017.12.18"]
[Round "-"]
[White "pmdpsp"]
[Black "Black Knight"]
[Result "1-0"]
[WhiteCountry "GER"]
[BlackCountry "USA"]
[WhiteElo "1793"]
[WhiteRD "90"]
[BlackElo "1351"]
[BlackRD "51"]
[GameID "422083"]

1. e4 Nc6 2. d4 e6 3. Bb5 b6 4. Nf3 Bb7 5. Nc3 Bb4 6. Bd2 Bxc3 7. Bxc3 Nf6 8. Qe2 d5 9. Ne5 O-O 10. Nxc6 Bxc6
11. Bxc6 Rb8 12. e5 Ne4 13. Bb4 Nc5 14. dxc5 b5 15. Bd2 Rb6 16. cxb6 axb6 17. Qg4 f6 18. Qxe6+ Kh8 19. O-O-O
1-0

[Event "only players under 2000"]
[Site "SchemingMind.com"]
[Date "2017.12.18"]
[Round "-"]
[White "pmdpsp"]
[Black "ampp"]
[Result "1-0"]
[WhiteCountry "GER"]
[BlackCountry "POR"]
[WhiteElo "1793"]
[WhiteRD "90"]
[BlackElo "1326"]
[BlackRD "62"]
[GameID "422084"]

1. c4 e5 2. Nc3 Nf6 3. d4 exd4 4. Qxd4 Nc6 5. Qe3+ Be7 6. Qg3 O-O 7. e4 Re8 8. Bd3 d6 9. Be3 a6 10. Nd5 Be6
11. O-O-O Bxd5 12. exd5 Ne5 13. h4 Neg4 14. Bd2 h6 15. f3 Ne5 16. Bxh6 Nh5 17. Qf2 Nxd3+ 18. Rxd3 Nf4 19. Bxf4 Bxh4 20. Rxh4
1-0

[Event "only players under 2000"]
[Site "SchemingMind.com"]
[Date "2017.12.18"]
[Round "-"]
[White "ampp"]
[Black "pmdpsp"]
[Result "0-1"]
[WhiteCountry "POR"]
[BlackCountry "GER"]
[WhiteElo "1326"]
[WhiteRD "62"]
[BlackElo "1793"]
[BlackRD "90"]
[GameID "422085"]

1. e4 e5 2. Nf3 Nc6 3. Bb5 Nf6 4. O-O d6 5. Nc3 Bd7 6. d3 Nd4 7. Bxd7+ Qxd7 8. Be3 Nxf3+ 9. Kh1 Nh4 10. Bg5 Ng6
11. Bxf6 gxf6 12. h3 Nf4 13. Qf3 O-O-O 14. Nd5 Nxd5 15. exd5 f5 16. c4 Re8 17. b3 Bg7 18. Rad1 e4 19. dxe4 fxe4 20. Qf4 f5
21. Rde1 Be5 22. Qe3 b6 23. f4 exf3 24. Rxf3 f4 25. Qe4 Bc3 26. Rxc3 Rxe4 27. Rxe4 Rf8 28. Rc2 f3 29. Kh2 f2
0-1

[Event "only players under 2000"]
[Site "SchemingMind.com"]
[Date "2017.12.19"]
[Round "-"]
[White "pmdpsp"]
[Black "kenneth m day"]
[Result "0-1"]
[WhiteCountry "GER"]
[BlackCountry "USA"]
[WhiteElo "1792"]
[WhiteRD "80"]
[BlackElo "1759"]
[BlackRD "62"]
[GameID "422086"]

1. c4 Nf6 2. Nc3 g6 3. d4 Bg7 4. e4 d6 5. Bg5 O-O 6. Bd3 Nbd7 7. Qd2 c5 8. d5 e6 9. f4 exd5 10. Nxd5 Re8
11. O-O-O Re6 12. Nf3 h6 13. f5 Re8 14. Bxh6 Nh7 15. Bxg7 Kxg7 16. fxg6 fxg6 17. h4 Ndf6 18. Qc3 Bg4 19. e5 dxe5 20. Bxg6 Kxg6
21. Nf4+ exf4 22. Rxd8 Raxd8 23. Ne5+ Kh5 24. Nxg4 Kxg4 25. Qh3+ Kh5 26. Qf5+ Kh6 27. Qxf4+ Kg7 28. Rd1 Rxd1+ 29. Kxd1 Re4 30. Qc7+ Kg6
31. Qxb7 Rxc4 32. Qxa7 Rxh4 33. Qxc5 Ng5 34. Qc2+ Kh6 35. a4 Nge4 36. b4 Nd5 37. b5 Ne3+ 38. Kc1 Nxc2 39. Kxc2 Nd6 40. Kb3 Nb7
41. g3 Rg4 42. b6 Kg6 43. Ka3 Kf6 44. Kb3 Ke6
0-1

[Event "only players under 2000"]
[Site "SchemingMind.com"]
[Date "2017.12.19"]
[Round "-"]
[White "kenneth m day"]
[Black "pmdpsp"]
[Result "0-1"]
[WhiteCountry "USA"]
[BlackCountry "GER"]
[WhiteElo "1716"]
[WhiteRD "59"]
[BlackElo "1804"]
[BlackRD "81"]
[GameID "422087"]

1. e4 e5 2. Nf3 Nc6 3. d4 exd4 4. c3 dxc3 5. Nxc3 Nf6 6. Bg5 Be7 7. Bc4 d6 8. O-O h6 9. Bh4 g5 10. Bg3 g4
11. Nd2 Nh5 12. Qb3 Rf8 13. Rae1 Nd4 14. Qd1 Bg5 15. e5 Ne6 16. exd6 Nxg3 17. fxg3 Bxd2 18. Qxd2 Qxd6 19. Qxh6 Qd4+ 20. Kh1 Qxc4
21. Rf4 Qc6 22. Rxg4 Bd7 23. Ree4 O-O-O 24. Rc4 Qd6 25. Qc1 Bc6 26. Ne4 Qd1+
0-1

[Event "only players under 2000"]
[Site "SchemingMind.com"]
[Date "2017.12.18"]
[Round "-"]
[White "pmdpsp"]
[Black "Wojtek26"]
[Result "1-0"]
[WhiteCountry "GER"]
[BlackCountry "POL"]
[WhiteElo "1837"]
[WhiteRD "82"]
[BlackElo "1457"]
[BlackRD "52"]
[GameID "422088"]

1. e4 e5 2. Nc3 Nf6 3. Bc4 Bc5 4. Nf3 Nc6 5. O-O O-O 6. d3 d6 7. Na4 Bb6 8. Nxb6 cxb6 9. d4 exd4 10. Nxd4 Nxd4
11. Qxd4 Be6 12. Bb3 Re8 13. Re1 Bxb3 14. axb3 Rc8 15. c3 Rc5 16. Rxa7 Rd5 17. Qc4 Rxe4 18. Qf1 Rxe1 19. Qxe1 Re5 20. Qd1 Qb8
21. Ra1 Qe8 22. Bf4 Rd5 23. Qf3 Rf5 24. Qxb7 Rxf4 25. Ra8
1-0

[Event "only players under 2000"]
[Site "SchemingMind.com"]
[Date "2017.12.18"]
[Round "-"]
[White "Wojtek26"]
[Black "pmdpsp"]
[Result "0-1"]
[WhiteCountry "POL"]
[BlackCountry "GER"]
[WhiteElo "1457"]
[WhiteRD "52"]
[BlackElo "1837"]
[BlackRD "82"]
[GameID "422089"]

1. d4 g6 2. c4 d6 3. e3 Bg7 4. Nf3 Nf6 5. Be2 O-O 6. O-O b6 7. Nc3 Bb7 8. d5 c6 9. dxc6 Nxc6 10. b3 Ne4
11. Nxe4 Bxa1 12. Ng3 Bg7 13. Qc2 Rc8 14. Bd3 b5 15. Qe2 Nb4 16. a3 Nxd3 17. Qxd3 bxc4 18. bxc4 Ba6 19. Qd2 Bxc4 20. Re1 Bb3
21. Bb2 Rc2 22. Qb4 Rxb2
0-1

[Event "only players under 2000"]
[Site "SchemingMind.com"]
[Date "2017.12.20"]
[Round "-"]
[White "Black Knight"]
[Black "Allan Sedstrem"]
[Result "1/2-1/2"]
[WhiteCountry "USA"]
[BlackCountry "SCO"]
[WhiteElo "1304"]
[WhiteRD "47"]
[BlackElo "1510"]
[BlackRD "77"]
[GameID "422130"]

1. Nf3 d5 2. g3 c6 3. Bg2 Nf6 4. d4 Nbd7 5. O-O Ne4 6. Ne5 Ndf6 7. Bg5 h6 8. Bxf6 Nxf6 9. Nc3 e6 10. e3 Bd6
11. Ne2 Nd7 12. Nxd7 Qxd7 13. Nf4 b6 14. c3 Ba6 15. Re1 O-O 16. Rc1 Rad8 17. Nd3 Rfe8 18. b4 Bc4 19. Ra1 Bxd3 20. Qxd3 b5
21. a4 a6 22. f4 Bc7 23. a5 f5 24. Bf3 Rf8 25. Bh5 Kh7 26. Kf2 g6 27. Bf3 h5 28. h4 Bd6 29. Rad1 Qf7=
1/2-1/2

[Event "only players under 2000"]
[Site "SchemingMind.com"]
[Date "2017.12.20"]
[Round "-"]
[White "Allan Sedstrem"]
[Black "Black Knight"]
[Result "1-0"]
[WhiteCountry "SCO"]
[BlackCountry "USA"]
[WhiteElo "1510"]
[WhiteRD "77"]
[BlackElo "1304"]
[BlackRD "47"]
[GameID "422131"]

1. d4 Nf6 2. c4 g6 3. e3 Bg7 4. Nf3 d6 5. Nc3 O-O 6. Bd3 Bg4 7. h3 Bxf3 8. Qxf3 Nc6 9. a3 e5 10. Ne4 Nxe4
11. Bxe4 Rb8 12. Bxc6 bxc6 13. Qxc6 Rb6 14. Qa4 exd4 15. O-O d3 16. Qxa7 d2 17. Bxd2 Bxb2 18. Rab1 Bg7 19. Ba5 Rc6 20. Rfc1 Qc8
21. Rb7 Qa8 22. Qxa8 Rxa8 23. Rxc7 Rxc7 24. Bxc7 Rxa3 25. Bxd6 Ra6 26. c5 Bb2 27. Rc2 Ba3 28. Ra2 f5 29. f3 Ra4 30. e4 Ra5
31. e5 Bb4 32. Rxa5 Bxa5 33. Kf2 Kf7 34. Ke3
1-0

[Event "only players under 2000"]
[Site "SchemingMind.com"]
[Date "2017.12.20"]
[Round "-"]
[White "pmdpsp"]
[Black "Allan Sedstrem"]
[Result "1-0"]
[WhiteCountry "GER"]
[BlackCountry "SCO"]
[WhiteElo "1837"]
[WhiteRD "82"]
[BlackElo "1510"]
[BlackRD "77"]
[GameID "422132"]

1. c4 Nf6 2. Nc3 c6 3. d4 d5 4. cxd5 Nxd5 5. e4 Nxc3 6. bxc3 e6 7. Bc4 b5 8. Bb3 g6 9. Nf3 Bg7 10. Ba3 Bb7
11. e5 a5 12. O-O h5 13. Nd2 Bf8 14. Bxf8 Kxf8 15. Ne4 Nd7 16. Nd6 Ba6 17. f4 Nb6 18. f5 gxf5 19. Rxf5 Rh7 20. Rxf7+ Rxf7
21. Nxf7 Kxf7 22. Qxh5+ Ke7 23. Qh7+ Ke8 24. Rf1 Qe7 25. Qg6+ Kd7 26. Rf7 Re8 27. Qxe6+ Kd8 28. Rxe7 Rxe7 29. Qxc6 Rb7 30. c4 b4
31. c5 Rc7 32. Qxb6 Bd3 33. Qb8+ Kd7 34. e6+ Kc6 35. Qb6#
1-0

[Event "only players under 2000"]
[Site "SchemingMind.com"]
[Date "2017.12.20"]
[Round "-"]
[White "Allan Sedstrem"]
[Black "pmdpsp"]
[Result "0-1"]
[WhiteCountry "SCO"]
[BlackCountry "GER"]
[WhiteElo "1510"]
[WhiteRD "77"]
[BlackElo "1837"]
[BlackRD "82"]
[GameID "422133"]

1. d4 d5 2. c4 c6 3. Nf3 Nf6 4. Nc3 Bg4 5. h3 Bh5 6. Ne5 g6 7. g4 Bxg4 8. hxg4 Qd6 9. Bf4 Qe6 10. Bh3 Nfd7
11. c5 f6 12. g5 f5 13. Qb3 b6 14. a4 a5 15. Nxd7 Kxd7 16. Qxb6 Na6 17. Qb7+ Nc7 18. Qxc7+ Ke8 19. Bg2 Bg7 20. Qxc6+ Qxc6
21. Bxd5 Qa6 22. Bxa8 Qxa8 23. Kd2 Bxd4 24. Be3 Qd8 25. Kc2 Bxe3 26. fxe3 Qc7 27. e4 Qxc5 28. Rhf1 fxe4 29. Ra3 Qxg5 30. Rb3 Qe5
31. Nd5 Rf8 32. Rh1 h5 33. Rb5 Qd4 34. Nc3 Kf7 35. Rxa5 Qb6 36. Rb5 Qf2 37. a5 Qg2 38. Ra1 h4 39. a6 h3 40. a7 Ra8
41. Rb8 e3 42. b4 h2 43. Kd3 Rxa7 44. Rxa7 h1=Q 45. Rbb7 Qxb7 46. Rxb7 Qxb7 47. Kxe3 Qxb4 48. Kd3 g5 49. Nd5 Qb5+ 50. Ke4 Qxe2+
51. Ne3 e5 52. Kxe5 Qxe3+ 53. Kd5 Kf6 54. Kc6 Qd4
0-1

[Event "only players under 2000"]
[Site "SchemingMind.com"]
[Date "2017.12.20"]
[Round "-"]
[White "ampp"]
[Black "Allan Sedstrem"]
[Result "1-0"]
[WhiteCountry "POR"]
[BlackCountry "SCO"]
[WhiteElo "1290"]
[WhiteRD "63"]
[BlackElo "1510"]
[BlackRD "77"]
[GameID "422134"]

1. e4 c5 2. Nf3 g6 3. d4 d6 4. dxc5 Qa5+ 5. Bd2 Qxc5 6. Be3 Qb4+ 7. Bd2 Qb6 8. Nc3 Qxb2 9. Rb1 Qa3 10. Nd5 Qc5
11. Bb4 Qc6 12. Nd4 Qd7 13. Bb5 Nc6 14. Nxc6 bxc6 15. Ba4 Bg7 16. Ne3 a5 17. Ba3 Ba6 18. Qd2 Qc7 19. c4 Nf6 20. O-O Nxe4
21. Qd3 d5 22. Qc2 Nd6 23. Bxd6 Qxd6 24. cxd5 O-O 25. Rfd1 Qc7 26. dxc6 Bc8 27. Qd2 Be6 28. a3 Rad8 29. Qe2 Qc8 30. Rxd8 Rxd8
31. h3 f5 32. Rb7 Bf6 33. Qf3 Bd4 34. c7 Rd6 35. Rb8
1-0

[Event "only players under 2000"]
[Site "SchemingMind.com"]
[Date "2017.12.20"]
[Round "-"]
[White "Allan Sedstrem"]
[Black "ampp"]
[Result "1-0"]
[WhiteCountry "SCO"]
[BlackCountry "POR"]
[WhiteElo "1510"]
[WhiteRD "77"]
[BlackElo "1290"]
[BlackRD "63"]
[GameID "422135"]

1. d4 Nf6 2. c4 e6 3. Nc3 Bb4 4. Bd2 Nc6 5. e3 d5 6. a3 Bxc3 7. Bxc3 O-O 8. Nf3 Bd7 9. Bd3 dxc4 10. Bxc4 a6
11. O-O b5 12. Ba2 h6 13. Ne5 Nxe5 14. dxe5 Ne4 15. Rc1 Nxc3 16. Rxc3 c6 17. f4 Qc7 18. Qc2 a5 19. Rb3 Rab8 20. Rd3 c5
21. Rfd1 Rfd8 22. Rd6 Rb6 23. Bb1 g6 24. g4 Rxd6 25. Rxd6 Bc6 26. Qd3 c4 27. Rxd8+
1-0

[Event "only players under 2000"]
[Site "SchemingMind.com"]
[Date "2017.12.19"]
[Round "-"]
[White "kenneth m day"]
[Black "Allan Sedstrem"]
[Result "1-0"]
[WhiteCountry "USA"]
[BlackCountry "SCO"]
[WhiteElo "1726"]
[WhiteRD "61"]
[BlackElo "1522"]
[BlackRD "76"]
[GameID "422136"]

1. e4 e5 2. Nf3 d6 3. c3 Nc6 4. d4 Nf6 5. Bg5 Be7 6. Nbd2 h6 7. Bxf6 Bxf6 8. Bc4 O-O 9. O-O Na5 10. Be2 a6
11. dxe5 dxe5 12. Rc1 Be6 13. b3 Qe7 14. Re1 Rad8 15. Qc2 Nc6 16. Rcd1 b5 17. c4 Qa3 18. cxb5 Nd4 19. Nxd4 Rxd4 20. bxa6 Rc8
21. Bc4 Bxc4 22. Nxc4 Qxa6 23. Rxd4 exd4 24. e5 Re8 25. h3 c5 26. f4 Re6 27. Re2 Bh4 28. a4 Qc6 29. a5 Qd5 30. Qe4 Qxe4
31. Rxe4 Bd8 32. Re1 f5 33. Ra1 Bc7 34. a6 Re8 35. Kf2 g5 36. g3 gxf4 37. gxf4 Kg7 38. a7 Ra8 39. Ra6 Kf7 40. Ke2 Kg7
41. Kd3 Kh7 42. Na3 Bd8 43. Nb5 h5 44. Rc6 Kg7 45. Rxc5 Bb6 46. Rd5 Bxa7 47. Rd7+ Kf8 48. Rxa7 Rb8 49. Nxd4
1-0

[Event "only players under 2000"]
[Site "SchemingMind.com"]
[Date "2017.12.20"]
[Round "-"]
[White "Allan Sedstrem"]
[Black "kenneth m day"]
[Result "1-0"]
[WhiteCountry "SCO"]
[BlackCountry "USA"]
[WhiteElo "1501"]
[WhiteRD "77"]
[BlackElo "1722"]
[BlackRD "59"]
[GameID "422137"]

1. d4 Nf6 2. c4 e6 3. a3 d5 4. Nf3 dxc4 5. Qa4+ Bd7 6. Qxc4 Nc6 7. e3 Be7 8. b4 O-O 9. Bb2 a6 10. Qb3 Bd6
11. Be2 Re8 12. O-O Ne7 13. Nbd2 Ned5 14. Nc4 Be7 15. Nfe5 Bc8 16. Rac1 Nd7 17. Bd3 Nxe5 18. Nxe5 f6 19. Nf3 Bf8 20. Rc2 Bd7
21. Rfc1 Rc8 22. e4 Nb6 23. Qa2 Kh8 24. e5 Nd5 25. Qb1 f5 26. Re1 Qe7 27. Bc1 Ba4 28. Rb2 Qf7 29. Bd2 Qh5 30. Be2 Be7
31. Ng5 Bxg5 32. Bxh5 g6 33. Bxg5 Nc3 34. Qc1 Ne4 35. Bf3 Nxg5 36. Qxg5
1-0

[Event "only players under 2000"]
[Site "SchemingMind.com"]
[Date "2017.12.20"]
[Round "-"]
[White "Wojtek26"]
[Black "Allan Sedstrem"]
[Result "0-1"]
[WhiteCountry "POL"]
[BlackCountry "SCO"]
[WhiteElo "1426"]
[WhiteRD "54"]
[BlackElo "1505"]
[BlackRD "78"]
[GameID "422138"]

1. d4 d5 2. c4 e6 3. e3 Nf6 4. Nf3 b6 5. Be2 Bb7 6. Nc3 Bd6 7. O-O a6 8. Qc2 a5 9. a4 O-O 10. b3 Nbd7
11. Bb2 c6 12. Bd3 Re8 13. Ng5 g6 14. Nxh7 Kxh7 15. e4 Nxe4 16. Nxe4 Nf6 17. Nxf6+ Qxf6 18. c5 Bc7 19. Rae1 Kg7 20. Re2 Re7
21. Rfe1 Rh8 22. g3 Bc8 23. Qd2 Ree8 24. Qc2= Rh5 25. Bc1 Reh8 26. h4 Rxh4 27. Rxe6 Bxe6 28. gxh4 Bh2+ 29. Kf1 Qf3 30. Re3 Qh1+
31. Ke2 Bg4+
0-1